000 00890nam0a22002771 4500
001 v19\rc\1730875
005 20250619043514.0
035 _a(NLR Aleph) 004826317
090 _a5064880
_c5064880
100 _a20061002d1901 |||y0rusy50 ca
101 0 _arus
102 _aRU
105 _ac z |||||
200 1 _aПамяти Генриха Афанасьевича Брокар
_e[Ум.] 3 дек. 1900 г.
210 _aМосква
_cтипо-лит. администр. цин. Ф.И. Павленкова
_d1901
215 _a[6] с., 1 портр.
_d27
702 1 _aБрокар
_bГ.А.
_f1836-1900
_gГенрих Афанасьевич
_4570
801 0 _aRU
_bNLR
_gpsbo
801 0 _aRU
_bRuMoRGB
_2psbo
801 1 _aRU
_bProSoft-M
_2rusmarc
852 _aNLR
_j18.332.1.292
899 _aRuMoRGB
_jU 254/798
899 _aБАН
899 _aГПИБ
942 _cBOOK
980 _aNB